| 000 | 00900nam a22003251c 4500 | ||
|---|---|---|---|
| 001 | ht016437995 | ||
| 008 | 111118s2010 gw a||| 000u eng d | ||
| 020 |
_a9780719078 _9978-0-7190-78 |
||
| 041 | _aeng | ||
| 100 | 1 | _aSwain, Shurlee | |
| 245 | 0 | 0 |
_aChild, nation, race and empire : _bchild rescue discourse, England, Canada and Australia, 1850-1915 |
| 264 |
_aManchester [u.a.] : _bManchester Univ. Press, _c2010 |
||
| 300 | _aXII, 196 S. : Ill | ||
| 600 | 0 | _aGordon, Charles | |
| 650 | 0 | _aSozialpolitik | |
| 650 | 0 | _aGesellschaft | |
| 650 | 0 | _aWohltätigkeit | |
| 650 | 0 | _aJugend | |
| 650 | 0 | _aPädagogik | |
| 650 | 0 | _aNation | |
| 650 | 0 | _aRasse | |
| 650 | 0 | _aKolonialismus | |
| 651 | 0 | _aEngland | |
| 651 | 0 | _aBritisches Empire | |
| 700 | 1 |
_aHillel, Margot _eVerfasserIn |
|
| 942 | _cMG | ||
| 040 | _cRU-10907106 | ||
| 003 | RU-10907106 | ||
| 999 |
_c22255 _d22255 |
||
| 490 | 0 | _aStudies in imperialism | |